Machine Learning: A First Course for Engineers and Scientists
Guardat en:
| Autor principal: | |
|---|---|
| Format: | Llibre |
| Publicat: |
CUP
|
| Etiquetes: |
Sense etiquetes, Sigues el primer a etiquetar aquest registre!
|
MARC
| LEADER | 00000nam a2200000Ia 4500 | ||
|---|---|---|---|
| 005 | 20260513122051.0 | ||
| 020 | |a 9781108843607 | ||
| 100 | |a Lindholm | ||
| 365 | |c £ | ||
| 365 | |b 28.00 | ||
| 942 | |c BK | ||
| 245 | |a Machine Learning: A First Course for Engineers and Scientists | ||
| 260 | |b CUP | ||
| 999 | |c 55 |d 55 | ||
| 952 | |0 0 |1 0 |4 0 |7 0 |a UNSW |b UNSW |d 2026-05-06 |g 58.00 |i 16685 |l 0 |p 000073 |r 2026-05-13 12:20:51 |v 58.00 |w 2026-05-13 |y BK | ||